[Event "GER Seniors Derby 04th"]
[Site "Wesel Undeloh"]
[Date "2005.04.15"]
[Round "4.6"]
[White "Wilke, Detlev"]
[Black "Saenger, Klaus"]
[Result "1/2-1/2"]
[WhiteElo "1710"]
[BlackElo "1548"]
[PlyCount "58"]
[EventDate "2005.04.14"]
[EventType "swiss"]
[EventRounds "7"]
[EventCountry "GER"]
[SourceTitle "EXT 2022"]
[Source "ChessBase"]
[SourceDate "2021.10.06"]
[SourceVersion "1"]
[SourceVersionDate "2021.10.06"]
[SourceQuality "1"]

1. d4 d5 2. c4 e6 3. Nc3 Nf6 4. Bg5 Be7 5. e3 Bd7 6. Nf3 Bc6 7. Ne5 Nfd7 8. Bxe7 Qxe7 9. Nxc6 bxc6 10. c5 0-0 11. Bd3 e5 12. 0-0 e4 13. Be2 Nf6 14. Qc2 h6 15. Qd2 Re8 16. a3 Nh7 17. f3 exf3 18. Rxf3 Ng5 19. Rg3 Nd7 20. Bd3 Nf6 21. Qe2 Qd8 22. Rf1 g6 23. Qf2 Re6 24. h4 Ngh7 25. Qf5 Nf8 26. Qh3 Kh8 27. Rgf3 Qe7 28. h5 g5 29. e4 g4 1/2-1/2

[Event "Wesel Undeloh op"]
[Site "Wesel Undeloh"]
[Date "2005.??.??"]
[Round "2"]
[White "Lenger, Horst"]
[Black "Saenger, Klaus"]
[Result "0-1"]
[WhiteElo "1343"]
[BlackElo "1548"]
[PlyCount "48"]
[EventDate "2005.04.14"]
[EventType "swiss"]
[EventRounds "7"]
[EventCountry "GER"]
[SourceTitle "EXT 2007"]
[Source "ChessBase"]
[SourceDate "2006.11.23"]
[SourceVersion "1"]
[SourceVersionDate "2006.11.23"]
[SourceQuality "1"]

1. e4 e5 2. Nf3 d6 3. Nc3 Nf6 4. h3 Be7 5. d4 exd4 6. Nxd4 0-0 7. Bd3 Nbd7 8. Be3 Ne5 9. Nf3 a6 10. Qe2 Be6 11. Nxe5 dxe5 12. Rd1 Bd6 13. 0-0 h6 14. b3 Qe7 15. Qf3 Kh8 16. Nd5 Bxd5 17. exd5 e4 18. Bxe4 Qxe4 19. Qxe4 Nxe4 20. Rd4 f5 21. f3 Ng3 22. Re1 Rae8 23. Bf2 Rxe1+ 24. Bxe1 Ne2+ 0-1

[Event "Sauerland Bezirksliga 0304"]
[Site "Sauerland"]
[Date "2004.02.08"]
[Round "?"]
[White "Reininghaus, Ralf"]
[Black "Saenger, Klaus"]
[Result "1-0"]
[WhiteElo "1542"]
[BlackElo "1523"]
[PlyCount "79"]
[EventDate "2003.10.12"]
[EventType "team"]
[EventRounds "7"]
[EventCountry "GER"]
[SourceTitle "EXT 2007"]
[Source "ChessBase"]
[SourceDate "2006.11.23"]
[SourceVersion "1"]
[SourceVersionDate "2006.11.23"]
[SourceQuality "1"]
[WhiteTeam "Lennestadt"]
[BlackTeam "Halver II"]
[WhiteTeamCountry "GER"]
[BlackTeamCountry "GER"]

1. f4 d5 2. Nf3 Bf5 3. d4 e6 4. e3 Nf6 5. Bd3 Ne4 6. 0-0 Nd7 7. Nbd2 Ndf6 8. h3 Ng3 9. Re1 Nfe4 10. Ne5 Qh4 11. Ndf3 Qh5 12. Kh2 f6 13. Bb5+ Ke7 14. Nd3 c6 15. Ba4 Bg4 16. Nc5 Nf2 17. Kxg3 Nxd1 18. hxg4 Qe8 19. Rxd1 b5 20. Bb3 Kf7 21. Nd3 Bd6 22. Bd2 h6 23. Re1 Qd7 24. e4 Qc7 25. e5 Be7 26. c3 h5 27. exf6 gxf6 28. g5 Rhg8 29. Kf2 Bd6 30. gxf6 Kxf6 31. Ng5 Rge8 32. Re2 Re7 33. Rae1 Rae8 34. Bc2 Qd7 35. Ne5 Bxe5 36. fxe5+ Kg7 37. Nh7 Rf7+ 38. Kg1 Qc8 39. Re3 Kh8 40. Rh3 1-0